| 000 | 00814cam a2200193 i 4500 | ||
|---|---|---|---|
| 082 |
_a693.5 _bANA _cL-19, P-101 |
||
| 245 | 0 | 0 |
_aAnalysis and design of high-rise concrete buildings / _cAmerican Concrete Institute ; Jaime Moreno, editor. |
| 260 |
_aDetroit, Mich. : _bThe Institute, _cc1985. |
||
| 300 |
_av, 330 p. : _bill. ; _c28 cm. |
||
| 490 | 1 | _aSP ; | |
| 500 | _aPapers originally presented as an evening course and seminar at the University of Illinois in Chicago; later presented in a one-day technical session at the ACI Chicago convention, 1985. | ||
| 526 |
_a0 _b0 _c0 _d693_500000000000000_ANA |
||
| 650 | 0 | _aConcrete construction | |
| 650 | 0 |
_aMCE _9379 |
|
| 650 | 0 |
_aSkyscrapers _xDesign _945580 |
|
| 700 | 1 |
_aMoreno, Jaime. _945581 |
|
| 710 | 2 |
_aAmerican Concrete Institute. _937057 |
|
| 942 |
_2ddc _cBK |
||
| 999 |
_c549059 _d549059 |
||